Normal view MARC view
  • Antoniorrobles,

Entry Nombre Personal

Number of records used in: 33

001 - NUMERO DE CONTROL

  • campo de control: 28525

003 - IDENTIFICADOR DE NUMERO DE CONTROL

  • campo de control: MX-MxUPN

005 - FECHA Y HORA DE LA ÜLTIMA TRANSACCIÓN

  • campo de control: 20240830105906.0

008 - DATOS DE LONGITUD FIJA

  • campo de control de longitud fija: 240830n| acannaabn a ana |d

035 ## - NUMERO DE CONTROL

  • Número de control: UPN11000000631

040 ## - FUENTE DE CATALOGACIÓN

  • Agencia original de catalogación: MX-MxUPN
  • Lenguaje de catalogación: spa
  • Agencia de transcripción: MX-MxUPN

046 ## - FECHAS CON CODIFICACIÓN ESPECIAL

  • Fecha de nacimiento: 1895
  • Fecha de muerte: 1983

100 0# - ENCABEZAMIENTO - NOMBRE PERSONAL

  • Nombre personal: Antoniorrobles,
  • Fechas asociadas con el nombre: 1895-1983

370 ## - LUGAR ASOCIADO

  • Place of birth: España
  • Place of death: España

400 1# - VEÁSE - NOMBRE DE PERSONA

  • Personal name: Robles Soler, Antonio,
  • Dates associated with a name: 1895-1983

400 1# - VEÁSE - NOMBRE DE PERSONA

  • Personal name: Robles, Antonio,
  • Dates associated with a name: 1895-1983

670 ## - FUENTE EN LA QUE SE LOCALIZARON DATOS

  • Cita de la fuente: Ocho estrellas y ocho cenzontles, 1954:
  • Información localizada: portada (Antoniorrobles)

670 ## - FUENTE EN LA QUE SE LOCALIZARON DATOS

  • Cita de la fuente: Wikipedia, 30 agosto 2024:
  • Información localizada: (Antonio Joaquín Robles Soler; Robledo de Chavela, 18 de agosto de 1895-San Lorenzo de El Escorial, 23 de enero de 1983; más conocido como Antoniorrobles, fue un escritor español, reconocido por su narrativa humorística y, sobre todo, por sus obras dirigidas al público infanti)
  • Uniform Resource Identifier: https://es.wikipedia.org/wiki/Antoniorrobles

680 ## - NOTA PUBLICA DE ACCESO PÚBLICO

  • Frase explicativa de la referencia: Abogado, ingeniero y escritor español

902 ## - CATALOGADOR

  • Catalogador: DAA/151107